MARC

LEADER 00000nam0a2200000 4500
001 266203
005 20231101234001.0
035 |a (RuTPU)RU\TPU\book\289207 
090 |a 266203 
100 |a 20140703d1967 m y0rusy50 ca 
101 0 |a rus 
102 |a UA 
105 |a a j 001zy 
200 1 |a Физика поверхности полупроводников  |e учебное пособие для вузов  |f Г. П. Пека 
210 |a Киев  |c Изд-во Киевского ун-та  |d 1967 
215 |a 190 с.  |c ил. 
320 |a Библиогр.в конце глав. 
606 1 |a Полупроводники  |2 stltpush  |3 (RuTPU)RU\TPU\subj\50553  |9 69206 
610 1 |a поверхностные электронные состояния 
610 1 |a пространственный заряд 
610 1 |a носители тока 
610 1 |a подвижность 
610 1 |a молекулы 
610 1 |a адсорбция 
610 1 |a поверхностная рекомбинация 
610 1 |a скорость 
610 1 |a изменение 
610 1 |a германий 
610 1 |a кремний 
610 1 |a атомарно-чистые поверхности 
610 1 |a полупроводниковые приборы 
610 1 |a параметры 
610 1 |a учебные пособия 
675 |a 537.311.322(075.8)  |v 3 
700 1 |a Пека  |b Г. П.  |g Генриета Павловна 
801 1 |a RU  |b 63413507  |c 20140703 
801 2 |a RU  |b 63413507  |c 20210127  |g RCR 
942 |c BK